| 000 | 00819nam a22002057a 4500 | ||
|---|---|---|---|
| 999 |
_c18751 _d18751 |
||
| 003 | AR-CdUCM | ||
| 008 | 190515b ||||| |||| 00| 0 spa d | ||
| 040 |
_aMUNICIPALIDAD PROVINCIAL DEL CUSCO _cBIBLIOTECA MUNICIPAL DEL CUSCO |
||
| 082 |
_22ed. _a372.4 / _bW21 |
||
| 100 |
_aWallon, Henri _937800 |
||
| 245 |
_aLos orígenes del carácter en el niño : _bLos preludios del sentimiento de personalidad / |
||
| 260 |
_aBuenos Aires : _bLautaro, _c1965. |
||
| 300 |
_a234 paginas ; _c20.5 cm. |
||
| 505 | _aContenido: El problema del caracter -- Naturaleza de las emociones -- Las emociones en el comportamiento humano -- Las fuentes y las formas de la emoción en el niño... | ||
| 650 |
_aPsiquismo _92356 |
||
| 650 |
_aCaracter _916709 |
||
| 650 |
_aNiño _922056 |
||
| 942 |
_2ddc _cLIBROS |
||
| 945 |
_apjha _d2019-05-15 |
||